Sling Kong characters (Kongs) - Statistics

General Stats
  • This quiz has been taken 33 times
  • The average score is 65 of 171
Answer Stats
Title Kong % Correct
Jungle Monkey
74%
Aquatic Octopus
67%
Desert Camel
63%
Jungle Chimp
59%
Farm Cow
59%
Jungle Gorilla
59%
Aquatic Jellyfish
59%
African Lion
59%
Jungle Orangutan
59%
Farm Pig
59%
Jungle Baboon
56%
Forest Bear
56%
Aquatic Coral
56%
Rare Kongs Dragon
56%
Forest Fox
56%
Fluffy Panda
56%
Bugs Bee
52%
Aquatic Crab
52%
Farm Duck
52%
Australian Koala
52%
Forest Moose
52%
Bugs Butterfly
48%
Desert Cactus
48%
Farm Chicken
48%
Rare Kongs Cloud
48%
African Elephant
48%
African Hippo
48%
Fruits Orange
48%
Aquatic Shark
48%
Desert Snake
48%
Jungle Tiger
48%
Fruits Tomato
48%
Dinosaurs Tyrannosaurus Rex
48%
Fruits Watermelon
48%
Scary Werewolf
48%
African Zebra
48%
Scary Zombie
48%
Sci-Fi Alien
44%
Forest Beaver
44%
Vegetables Carrot
44%
Rare Kongs Cosmo
44%
Birds Eagle
44%
Farm Goat
44%
Fluffy Hamster
44%
Flowers Lily
44%
Ice Age Mammoth
44%
Fluffy Seal
44%
Bugs Spider
44%
Fruits Strawberry
44%
Mythical Unicorn
44%
Micro Bacteria
41%
Vegetables Broccoli
41%
Farm Donkey
41%
Vegetables Eggplant
41%
Fairytale Fairy
41%
Scary Frankenstein
41%
Scary Ghost
41%
Elemental Golem
41%
Scary Monster
41%
Birds Owl
41%
Frozen Polar Bear
41%
Dogs Poodle
41%
African Rhino
41%
Delicious Riceball
41%
Flowers Rose
41%
Farm Sheep
41%
Forest Skunk
41%
Flowers Sunflower
41%
Rare Kongs The Eye
41%
Aquatic Turtle
41%
Scary Vampire
41%
Frozen Yak
41%
Desert Armadillo
37%
Bugs Caterpillar
37%
Scary Clown
37%
Birds Crow
37%
Fluffy Duckling
37%
Birds Finch
37%
Jungle Frog
37%
Adventure Knight
37%
Dogs Labrador
37%
Australian Lizard
37%
Scary Mummy
37%
Adventure Ninja
37%
Cats Persian
37%
Fruits Pineapple
37%
Dinosaurs Pteranodon
37%
Dogs Pug
37%
Rare Kongs Pumpkin
37%
Rare Kongs Snowflake
37%
Frozen Snowman
37%
Rare Kongs Spark
37%
Rare Kongs Star
37%
Dinosaurs Velociraptor
37%
Micro Virus
37%
Micro Water Bear
37%
Bugs Beetle
33%
Rare Kongs Bunny
33%
Fluffy Chipmunk
33%
Aquatic Clam
33%
Vegetables Corn
33%
Flowers Daisy
33%
African Hyena
33%
Cats Maine Coon
33%
Delicious Meatball
33%
Fairytale Mermaid
33%
Mythical Minotaur
33%
Frozen Penguin
33%
Adventure Pirate
33%
Sci-Fi Robot
33%
Sci-Fi Rocket
33%
Farm Scarecrow
33%
Aquatic Seahorse
33%
Scary Skeleton
33%
Dinosaurs Stegosaurus
33%
Birds Toucan
33%
Sci-Fi UFO
33%
Frozen Walrus
33%
Sci-Fi Astronaut
30%
Dogs Basset Hound
30%
African Buffalo
30%
African Cheetah
30%
Delicious Cupcake
30%
Fairytale Cyclops
30%
Rare Kongs Earth
30%
Fairytale Elf
30%
Desert Fennec
30%
Mythical Gargoyle
30%
Rare Kongs Glitch
30%
Fruits Grapes
30%
Dogs Husky
30%
Australian Kookaburra
30%
Uncategorized Magic Orb
30%
African Meerkat
30%
Flowers Orchid
30%
Micro Plankton
30%
Aquatic Shrimp
30%
Jungle Sloth
30%
Dinosaurs Triceratops
30%
Scary Troll
30%
Adventure Valkyrie
30%
African Warthog
30%
Elemental Whirlwind
30%
Farm Alpaca
26%
Ice Age Caveman
26%
Jungle Chameleon
26%
Elemental Crystal
26%
Delicious Dessert
26%
Ice Age Dodo
26%
Elemental Droplet
26%
Delicious Dumpling
26%
Australian Echidna
26%
Rare Kongs Leprechaun
26%
Mythical Phoenix
26%
Australia Platypus
26%
Ice Age Sabertooth
26%
Cats Shorthair
26%
Farm Turkey
26%
Rare Kongs Wisp
26%
Fairytale Witch
26%
Mythical Griffin
22%
Rare Kongs Grim Reaper
22%
Micro Mold
22%
Elemental Seedling
22%
Cats Siamese
22%
Cats Snowshoe
22%
Adventure Sorceress
22%
Ice Age Macrauchenia
19%
Rare Kongs Cherub
15%
Aquatic Goldfish
15%
Jungle Tamarin
15%
No matching quizzes found
Score Distribution
Percent of People with Each Score
Percentile by Number Answered
Your Score History
You have not taken this quiz